000
00283nam a2200109Ia 4500
008
200302s9999 xx 000 0 und d
100
_a
Noel Moffett
245
_a
The Best of the British Architect
260
_b
E &Fn Spon an Imprint of Chapman Hall.
260
_c
1993
300
_a
190 P.,
999
_c
823
_d
823